00527 2200205 4500001002100000005001500021035002000036007000300056008004100059020001500100082000800115084001400123100001900137245004400156250001100200260005400211300003300265651001200298990001100310INLIS00000000000466920191217102205 a0010-1219000121ta191217 g 1 ind  a1521320909 a551 a551 SUK g0 aSukandarrumidi1 aGeologi Mineral Logam /cSukandarrumidi aCet. 1 aYOGYAKARTA :bGadjah Mada University Press,c2007 axii, 210 hlm ;c14,5 x 21 cm 4ageologi a13086a